Statistiken für Stadion zu Stadt

Klicken Sie hier um das Quiz zu spielen!

Allgemein

  • Dieses Quiz wurde 737 mal gespielt
  • Das Durchschnittsergebnis liegt bei 12 aus 20

Antwortstatistiken

StadionStadt% Korrekt
AllianzarenaMünchen
98%
Camp NouBarcelona
95%
WembleyLondon
95%
Parc des PrincesParis
91%
Santiago BernabéuMadrid
88%
Old TraffordManchester
86%
Johan-Cruyff-ArenaAmsterdam
83%
WestfalenstadionDortmund
82%
Veltins-ArenaGelsenkirchen
81%
MaracanãRio de Janeiro
75%
Giuseppe-Meazza-StadionMailand
64%
AztekenstadionMexiko-Stadt
49%
Madison Square GardenNew York
46%
Estádio da LuzLissabon
41%
Hampden ParkGlasgow
34%
Stadion Erster MaiPjöngjang
19%
Croke ParkDublin
14%
Millennium StadiumCardiff
12%
Wrigley FieldChicago
12%
Fenway ParkBoston
11%

Verteilung der Resultate

Perzentil nach korrekt beantworteten Fragen

Anzahl Personen mit jedem Resultat

Ihre Resultats-Entwicklung

Sie haben dieses Quiz noch nicht gespielt